English Monarchs - Sudden Death - Statistics

General Stats
  • This quiz has been taken 1,014 times
  • The average score is 10 of 13
Answers on the Grid
Answers color-coded by a green-red scale on the quiz's grid according to % correct below.
Alice
Andrew
Anne
Anthony
Ben
Charles
Charlotte
Diana
Edward
Elizabeth
George
Harry
Hazel
Henry
Isabel
James
John
Louis
Louisa
Mark
Mary
Matthew
Michael
Peter
Phillip
Richard
Sarah
Stephen
Victoria
William
 
Answer Stats
Answer % Correct
Elizabeth
83%
Charles
81%
George
80%
Henry
80%
Edward
79%
Victoria
79%
William
77%
Richard
75%
James
74%
Mary
73%
Anne
70%
John
70%
Stephen
62%
No matching quizzes found
Score Distribution
Percent of People with Each Score
Percentile by Number Answered
Your Score History
You have not taken this quiz